| 000 | 00728nam a2200205Ia 4500 | ||
|---|---|---|---|
| 003 | GCL | ||
| 005 | 20240530103911.0 | ||
| 008 | 140319s9999 xx 000 0 ara d | ||
| 040 |
_aGCL / _cGCL |
||
| 082 | 0 | 4 |
_a940.18 _bم ح |
| 100 | 1 | _aمصطفى حسن محمد الكنانى | |
| 245 | 1 | 0 |
_aحملة لويس التاسع الصليبية على تونس : _b1270 م(668-669 هـ) / _cمصطفى حسن محمد الكنانى |
| 260 |
_aالاسكندرية : _bمنشاة المعارف |
||
| 300 |
_a343 ص ؛ _c25 سم |
||
| 490 |
_aكتب تاريخية _v0 |
||
| 650 | 0 | 4 | _aالمغرب - تاريخ |
| 650 | 0 | 4 | _aتونس - تاريخ |
| 650 | 0 | 4 | _aالحملة الصليبية - تاريخ |
| 942 |
_2ddc _cBK |
||
| 999 |
_c43320 _d43320 |
||